| 000 | 00855nam a22002297a 4500 | ||
|---|---|---|---|
| 005 | 20251108171011.0 | ||
| 008 | 250721s1998 xx 000 0 ara d | ||
| 082 | 1 | 4 | _aم/956.504/أحم |
| 100 | 1 | _aالخلايلة، أحمد عبد الرحيم سالم | |
| 245 | 1 | 0 |
_aالإستراتيجية الأردنية و إرتباطها بالقضية الفلسطينية : _bجذورها- حاضرها- مستقبلها / |
| 264 | 1 |
_aعمان : _bالمؤلف، _c1998. |
|
| 300 | _a852ص | ||
| 490 | 0 | _aالإستراتيجيات | |
| 650 | 1 | 7 | _aتاريخ الأردن الحديث |
| 650 | 1 | 7 | _aالأردن |
| 650 | 1 | 7 | _aالعلاقات الدولي |
| 650 | 1 | 7 | _aفلسطين |
| 650 | 1 | 7 | _aالسلام العربي الإسرائيلي |
| 650 | 1 | 7 | _aالألأستراتيجية الأردنية |
| 942 |
_2ddc _cREF |
||
| 999 |
_c54078 _d54078 |
||